Statistics for Famous Americans in history #2

Click here to take the quiz!

General Stats

  • This quiz has been taken 41 times
  • The average score is 6 of 10

Answer Stats

HintAnswer% Correct
He served as the second president of the United StatesJohn Adams
94%
40th president of the United StatesRonald Reagan
92%
Founding father on the $100 dollar billBenjamin Franklin
89%
Most famous person who worked on the Manhattan projectJ. Robert Oppenheimer
78%
The first and only president of the ConfederacyJefferson Davis
69%
" Iron Mike "Mike Tyson
61%
He is on the $10 billAlexander Hamilton
58%
This East Coast rappers most famous song is "Juicy "Biggie Smalls
33%
He aggressively prosecuted the resulting Mexican-American warJames K. Polk
31%
Muslim minister and human rights activist during the civil rights movementMalcom X
25%

Score Distribution

Percentile by Number Answered

Percent of People with Each Score

Your Score History

You have not taken this quiz